Hodnotenie a kontrola výkonnosti dodávateľov v malých a stredných podnikoch s využitím systému Balanced Scorecard
Možnosti riadenia a hodnotenia v malých a stredných podnikoch s využitím systému "Balanced Scorecard" (BSC). Charakteristika metódy Balanced Scorecard. Štyri piliere systému BSC, podmienky a efektívne použitie. Transformácia podnikovej vízie do konkrétnych merateľných aktivít.
Salvato in:
| Autore principale: | |
|---|---|
| Altri autori: | |
| Natura: | Capitolo di libro |
| Lingua: | slovacco |
| Soggetti: | |
| Tags: |
Nessun Tag, puoi essere il primo ad aggiungerne!!
|
MARC
| LEADER | 00000naa$a2200000$$$4500 | ||
|---|---|---|---|
| 001 | 0109167 | ||
| 005 | 20240521121324.1 | ||
| 041 | 0 | |a slo | |
| 044 | |a SK | ||
| 245 | 1 | 0 | |a Hodnotenie a kontrola výkonnosti dodávateľov v malých a stredných podnikoch s využitím systému Balanced Scorecard |c Miroslav Uhliar, Jan Kráčmar |
| 520 | |a Možnosti riadenia a hodnotenia v malých a stredných podnikoch s využitím systému "Balanced Scorecard" (BSC). Charakteristika metódy Balanced Scorecard. Štyri piliere systému BSC, podmienky a efektívne použitie. Transformácia podnikovej vízie do konkrétnych merateľných aktivít. | ||
| 610 | 2 | 0 | |a podnik malý |
| 610 | 2 | 0 | |a podnik stredný |
| 610 | 2 | 0 | |a efektívnosť |
| 610 | 2 | 0 | |a nástroje riadenia |
| 610 | 2 | 0 | |a stratégia podniková |
| 610 | 2 | 0 | |a výkonnosť |
| 100 | 1 | |a Uhliar, Miroslav, 1981- | |
| 700 | 1 | |a Kráčmar, Ján | |